000 01008nam a22003257a 4500
001 00913
003 DO-SdBPM
005 20250701103453.0
007 ta
008 160725b1967 sp ||||| |||| 00| 0 spa d
020 _a
040 _aDO-SdBPM
_bspa
_cBPMSU
_erda
082 4 _a843.47
_bP454c 1967
_222
100 1 _aPerrault, Charles,
_d1628-1703.
_eautor
_968
245 1 0 _aCuentos de Perrault /
_ctradución María Teresa Vernet
260 _a
_c
264 _aBarcelona :
_bCírculo de Lectores,
_c1967
300 _a164 páginas . :
_bilustraciones
_c23 cm.
336 _atexto
_btxt
_2rdacontant
337 _asin mediación
_bn
_2rdamedia
338 _avolumen
_bnc
_2rdacarrier
490 0 _aCírculo de lectores
590 _aInventariado, 2025/VM
650 7 _aCuentos infantiles franceses
650 7 _aCuentos de hadas
650 7 _aAmor
_v Cuentos infantiles
700 1 _aVernet, María Teresa
_etraducción
910 _aVMateo V. Control de calidad. BPMSU
942 _2ddc
_cBK
999 _c11026
_d11026